000 00542nam a2200229Ia 4500
003 OSt
005 20221005121142.0
006 a|||||r|||| 00| 0
007 ta
008 221004b |||||||| |||| 00| 0 mal d
024 _a58284
037 _cTextual
040 _aCRL
_cCRL
_bmal
041 _2mal
_amal
082 _aR65,6, 32J6
100 _aTilakan
_9630165
245 0 _aGita rahasyam
260 _c1956
650 _aBHAGAVAD GITA
942 _hR65,6, 32J6
_cTEXL
_2cc
999 _c1040273
_d1040273